Statystyki dla Quiz o Finlandii

Kliknij tutaj aby rozwiązać quiz!

Ogólne statystyki

  • Ten quiz został rozwiązany 374 razy
  • Średni wynik to 14 z 24

Statystyki odpowiedzi

HintAnswer% Poprawnych
Panśtwa granicząceRosja
100%
Panśtwa granicząceNorwegia
99%
Panśtwa granicząceSzwecja
99%
StolicaHelsinki
98%
Morze którego częścią są te zatokiMorze Bałtyckie
90%
Waluta FinlandiiEuro
81%
Baśniowa osoba która według
niektórych żyje w tym regionie
Święty Mikołaj
80%
Firma telefonów komórkowychNokia
76%
ZatokiZatoka {Fińska}
76%
Północny region należący
do 4 państw
Laponia
70%
Tradycyjna łaźnia parowaSauna
64%
Najpopularniejszy sportHokej na lodzie
62%
Wojna toczona z ZSRR w 1940 r.Wojna {Zimowa}
56%
"Finlandia" po fińskuSuomi
53%
System operacyjny stworzony
przez Linusa Torvalds
Linux
48%
Główna grupa etniczna która
tam żyje
Saamowie
43%
ZatokiZatoka {Botnicka}
43%
Szpic fiński to...Pies
34%
73% Finów należy do tego kościoła
(ale tylko 2% uczęszcza co tydzień)
Luteranizm
26%
Największe miasto śródlądoweTampere
20%
Była walutaMarka
19%
Biegacz długodystansowy i
12-krotny medalista olimpijski
Paavo Nurmi
12%
Kompozytor utworu "Finlandia"Jean Sibelius
10%
Największe jezioro słodkowodneSaimaa
10%

Rozkład punktacji

Percentyl według liczby udzielonych odpowiedzi

Procent ludzi z każdym wynikiem

Twoja historia wyników

Nie rozwiązałeś tego quizu